Изучение коллекторов нефти и газа по результатам адаптивной интерпретации геофизических исследований скважин

Detalles Bibliográficos
Autor Principal: Кожевников Д. А. Дмитрий Александрович
Autor Corporativo: Российский государственный университет нефти и газа им. И. М. Губкина (РГУ Нефти и Газа)
Outros autores: Коваленко К. В. Казимир Викторович
Summary:В книге описывается разработанная авторами оригинальная адаптивная технология интерпретации данных геофизических исследований скважин (ГИС) для изучения сложных коллекторов нефти и газа, построения цифровых пространственных моделей месторождений и подсчета запасов углеводородов. Книга состоит из двух частей. Первая посвящена петрофизическому обоснованию адаптивной технологии интерпретации данных ГИС. В ней выявляются ранее не известные закономерности и аналитические связи между различными фильтрационно-емкостными свойствами (ФЕС). Вторая часть книги посвящена проблемам изучения коллекторов нефти и газа, решениям прямых и обратных задач. Эта часть служит обоснованием направлений и методов исследований и собственно адаптивной технологии интерпретации данных ГИС, её информационному потенциалу, алгоритмическому аппарату и точностным характеристикам. Показано, что технология адаптивной интерпретации обеспечивает существенное повышение надежности, детальности и точности определения геологических и извлекаемых запасов при построении 3D геомоделей месторождений нефти и газа. Книга представляет практический интерес для специалистов научно-исследовательских, проектных и производственных геофизических учреждений и организаций. Может быть использована как учебное пособие для преподавателей, магистрантов, аспирантов и студентов нефтяных, геофизических и инженерно-геологических специальностей вузов.
Idioma:ruso
Publicado: Москва, Изд-во РГУ нефти и газа, 2011
Subjects:
Formato: MixedMaterials Libro
KOHA link:https://koha.lib.tpu.ru/cgi-bin/koha/opac-detail.pl?biblionumber=318882

MARC

LEADER 00000nam0a2200000 4500
001 318882
005 20231102003125.0
010 |a 9785919610519 
035 |a (RuTPU)RU\TPU\book\344385 
090 |a 318882 
100 |a 20160511d2011 k y0rusy50 ca 
101 0 |a rus 
102 |a RU 
105 |a a z 001zy 
200 1 |a Изучение коллекторов нефти и газа по результатам адаптивной интерпретации геофизических исследований скважин  |f Д. А. Кожевников, К. В. Коваленко  |g Российский государственный университет нефти и газа им. И. М. Губкина (РГУ Нефти и Газа) 
210 |a Москва  |c Изд-во РГУ нефти и газа  |d 2011 
215 |a 219 с.  |c ил. 
320 |a Библиогр.: с. 209-217 
320 |a Предметный указатель: с. 218-219 
330 |a В книге описывается разработанная авторами оригинальная адаптивная технология интерпретации данных геофизических исследований скважин (ГИС) для изучения сложных коллекторов нефти и газа, построения цифровых пространственных моделей месторождений и подсчета запасов углеводородов. Книга состоит из двух частей. Первая посвящена петрофизическому обоснованию адаптивной технологии интерпретации данных ГИС. В ней выявляются ранее не известные закономерности и аналитические связи между различными фильтрационно-емкостными свойствами (ФЕС). Вторая часть книги посвящена проблемам изучения коллекторов нефти и газа, решениям прямых и обратных задач. Эта часть служит обоснованием направлений и методов исследований и собственно адаптивной технологии интерпретации данных ГИС, её информационному потенциалу, алгоритмическому аппарату и точностным характеристикам. Показано, что технология адаптивной интерпретации обеспечивает существенное повышение надежности, детальности и точности определения геологических и извлекаемых запасов при построении 3D геомоделей месторождений нефти и газа. Книга представляет практический интерес для специалистов научно-исследовательских, проектных и производственных геофизических учреждений и организаций. Может быть использована как учебное пособие для преподавателей, магистрантов, аспирантов и студентов нефтяных, геофизических и инженерно-геологических специальностей вузов. 
606 1 |a Нефтяные пласты-коллекторы  |x Изучение  |x Геофизические методы  |2 stltpush  |3 (RuTPU)RU\TPU\subj\46005  |9 65193 
610 1 |a ГИС 
610 1 |a геофизические исследования 
610 1 |a данные 
610 1 |a адаптивная интерпретация 
610 1 |a петрофизическое обеспечение 
610 1 |a нефтенасыщенность 
610 1 |a капиллярное давление 
610 1 |a проницаемость 
610 1 |a геомоделирование 
610 1 |a адаптивные технологии 
675 |a 552.578.2.061.4:550.83  |v 4 
700 1 |a Кожевников  |b Д. А.  |g Дмитрий Александрович 
701 1 |a Коваленко  |b К. В.  |g Казимир Викторович 
712 0 2 |a Российский государственный университет нефти и газа им. И. М. Губкина (РГУ Нефти и Газа)  |c (Москва)  |c (1998- )  |2 stltpush  |3 (RuTPU)RU\TPU\col\408 
801 1 |a RU  |b 63413507  |c 20160511 
801 2 |a RU  |b 63413507  |c 20160829  |g RCR 
942 |c BK 
959 |a 37/20160415  |d 1  |e 1250,00  |f ЧЗТЛ:1